American values : opposing viewpoints /

Bibliographic Details
Other Authors: Cozic, Charles P., 1957-
Format: Book
Language:English
Published: San Diego, CA : Greenhaven Press, [1995]
Series:Opposing viewpoints series (Unnumbered)
Subjects:

MARC

Tag First Indicator Second Indicator Subfields
LEADER 00000cam a2200000 a 4500
001 in00001268340
005 20151004051518.0
008 941103s1995 caua b 001 0 eng
010 |a  94041912  
020 |a 1565102428 (alk. paper) :  |c $17.95 
020 |a 156510241X (pbk. : alk. paper) :  |c $9.95 
035 |a (OCoLC)31606261 
035 |9 AGW6921AM 
040 |a DLC  |c DLC  |d PNX  |d GZM  |d MLX  |d TXA  |d UtOrBLW 
043 |a n-us--- 
049 |a TXAM 
050 0 0 |a BD435  |b .A56 1995 
082 0 0 |a 170/.973  |2 20 
245 0 0 |a American values :  |b opposing viewpoints /  |c Charles P. Cozic, book editor. 
264 1 |a San Diego, CA :  |b Greenhaven Press,  |c [1995] 
264 4 |c ©1995 
300 |a 307 pages :  |b illustrations ;  |c 22 cm. 
336 |a text  |b txt  |2 rdacontent 
337 |a unmediated  |b n  |2 rdamedia 
338 |a volume  |b nc  |2 rdacarrier 
490 1 |a Opposing viewpoints series 
504 |a Includes bibliographical references and index. 
505 2 |a What values should America uphold? -- How are American values changing? -- Is America in decline? -- How important are family values? -- How do religious values influence America? -- How does materialism affect America? 
650 0 |a Life. 
650 0 |a Values. 
651 0 |a United States  |x Moral conditions. 
700 1 |a Cozic, Charles P.,  |d 1957- 
830 0 |a Opposing viewpoints series (Unnumbered) 
999 |a MARS 
999 f f |s 269f5828-4b41-35b6-bd46-d3ec90c0b37d  |i 593002f2-5659-33f7-a486-c9be10afbd09  |t 0 
952 f f |p ric  |a Texas A&M University  |b Rellis Campus  |c Joint Library Facility  |d Remote Storage  |t 0  |e BD435 .A56 1995  |h Library of Congress classification  |i unmediated -- volume  |m A14819737556 
998 f f |a BD435 .A56 1995  |t 0  |l Remote Storage